[Event "7th Parsvnath International Op"]
[Site "Modern School, Barakhamba Road"]
[Date "2009.01.12"]
[Round "3.43"]
[White "Konguvel, Ponnuswamy"]
[Black "Apollosana Mangang, Rajkumar"]
[Result "1-0"]
[WhiteElo "2462"]
[BlackElo "2195"]
[PlyCount "61"]
[EventDate "2009.01.11"]

1. e4 e5 2. Nf3 Nc6 3. Bb5 a6 4. Ba4 Nf6 5. O-O Be7 6. Re1 b5 7. Bb3 O-O 8. c3
d6 9. h3 Bb7 10. d4 Re8 11. Nbd2 Bf8 12. a4 Na5 13. Bc2 c5 14. d5 c4 15. Nf1 h6
16. Ng3 g6 17. Nh2 Nd7 18. axb5 axb5 19. Ng4 Kh7 20. f4 h5 21. Nh2 Qh4 22. Nf3
Qe7 23. f5 Bh6 24. Bxh6 Kxh6 25. Rf1 Rf8 26. h4 Qd8 27. Ng5 Qb6+ 28. Kh1 Nf6
29. Qd2 Kg7 30. fxg6 fxg6 31. Ne6+ 1-0

[Event "7th Parsvnath International Op"]
[Site "Modern School, Barakhamba Road"]
[Date "2009.01.12"]
[Round "3.44"]
[White "Thipsay, Praveen M"]
[Black "Gahan, M G."]
[Result "0-1"]
[WhiteElo "2453"]
[BlackElo "2161"]
[PlyCount "139"]
[EventDate "2009.01.11"]

1. e4 e5 2. Nf3 Nc6 3. Bb5 f5 4. d3 fxe4 5. dxe4 Nf6 6. O-O Bc5 7. Nc3 d6 8.
Bg5 O-O 9. Nd5 Kh8 10. c3 Bg4 11. Be2 a5 12. Bxf6 gxf6 13. Nh4 Be6 14. Bg4 Bxd5
15. Qxd5 Ne7 16. Qd2 Rg8 17. Be6 Rg5 18. Kh1 Qe8 19. f4 Rh5 20. Nf3 Kg7 21. g4
Rh6 22. fxe5 dxe5 23. g5 fxg5 24. Qxg5+ Qg6 25. Qxe5+ Qf6 26. Qxc5 Qxe6 27. Ng5
Qd6 28. Rf7+ Kg6 29. Qf2 Rh5 30. Rf1 Qe5 31. Rxe7 Qxe7 32. Qf5+ Kg7 33. Ne6+
Kh8 34. Qxh5 Qxe6 35. Qd5 Qxd5 36. exd5 Kg7 37. Kg2 b5 38. Re1 Rd8 39. Rd1 Kf6
40. Kf3 Ke5 41. Re1+ Kf6 42. Re6+ Kf5 43. Re7 Rxd5 44. Rxh7 Kg6 45. Re7 Kf6 46.
Re2 Kf5 47. Rf2 Re5 48. Rd2 Rc5 49. Rd4 c6 50. a3 Ke6 51. Rf4 Rd5 52. Ke3 Rh5
53. h4 Kd5 54. Kf3 Re5 55. Rd4+ Kc5 56. b4+ Kb6 57. c4 Re1 58. c5+ Kc7 59. h5
Ra1 60. Rd3 Rb1 61. bxa5 Rc1 62. Kg4 Rxc5 63. h6 Rc4+ 64. Kg5 Rc1 65. Rh3 Rg1+
66. Kh5 Rg8 67. h7 Rd8 68. Kg6 Kb7 69. h8=Q Rxh8 70. Rxh8 0-1

[Event "7th Parsvnath International Op"]
[Site "Modern School, Barakhamba Road"]
[Date "2009.01.12"]
[Round "3.45"]
[White "Das, Dushyant"]
[Black "Karthikeyan, P."]
[Result "0-1"]
[WhiteElo "2154"]
[BlackElo "2450"]
[PlyCount "118"]
[EventDate "2009.01.11"]

1. e4 e5 2. Nf3 Nc6 3. Bc4 Nf6 4. d3 h6 5. Nc3 d6 6. h3 Na5 7. Qe2 c6 8. a4
Nxc4 9. dxc4 Qc7 10. b3 Be7 11. Bb2 Be6 12. O-O-O O-O-O 13. Kb1 Nd7 14. Rd2 Nc5
15. Rhd1 a5 16. Ne1 Bg5 17. Rd3 Nxd3 18. cxd3 f5 19. f3 Qb6 20. Ka2 Rhe8 21.
Nc2 d5 22. cxd5 cxd5 23. exd5 Bxd5 24. Nxd5 Rxd5 25. Na3 Kd8 26. Nc4 Qc7 27.
Bc3 Re6 28. Qe1 b6 29. Qe2 Ke7 30. g4 fxg4 31. hxg4 Qc5 32. Bb2 Kf7 33. Ba3 Qd4
34. Bb2 Qf4 35. Re1 Kg8 36. d4 Rxd4 37. Bxd4 Qxd4 38. Qe4 Qxe4 39. Rxe4 Bf4 40.
Nxe5 Bxe5 41. f4 Kf7 42. fxe5 Rc6 43. b4 Ke6 44. Kb3 axb4 45. Kxb4 Rc5 46. Re1
Rd5 47. Re4 g6 48. Kc4 Rxe5 49. Rf4 Rg5 50. Re4+ Kf6 51. Kd3 Rd5+ 52. Kc3 Rd6
53. Kc4 Kg5 54. Kb5 h5 55. gxh5 Kxh5 56. Re8 g5 57. Rb8 g4 58. Rh8+ Kg5 59.
Rg8+ Rg6 0-1

[Event "7th Parsvnath International Op"]
[Site "Modern School, Barakhamba Road"]
[Date "2009.01.12"]
[Round "3.46"]
[White "Shreyans, K  Shah"]
[Black "Sengupta, Deep"]
[Result "0-1"]
[WhiteElo "2100"]
[BlackElo "2445"]
[PlyCount "77"]
[EventDate "2009.01.11"]

1. e4 e5 2. Nf3 Nc6 3. Bc4 Be7 4. O-O Nf6 5. d3 h6 6. Re1 d6 7. c3 O-O 8. Bb3
Re8 9. Nbd2 Bf8 10. h3 a6 11. Nf1 g6 12. Ng3 Bg7 13. d4 Qe7 14. Bc2 Nb8 15. b3
Nbd7 16. Bb2 b6 17. Qe2 Bb7 18. Rad1 Nf8 19. dxe5 dxe5 20. c4 N6d7 21. Rd2 Rad8
22. Red1 Ne6 23. Nh2 h5 24. Qe3 Nf4 25. Nf3 Bh6 26. Qc3 f6 27. b4 Ne6 28. Re2
c5 29. a3 Nd4 30. Nxd4 exd4 31. Qb3 Ne5 32. a4 Qf7 33. bxc5 bxc5 34. Ba3 Bf8
35. Bd3 Bc6 36. f4 Rb8 37. Qc2 Nxd3 38. Qxd3 Bxa4 39. Ra1 0-1

[Event "7th Parsvnath International Op"]
[Site "Modern School, Barakhamba Road"]
[Date "2009.01.12"]
[Round "3.47"]
[White "Murali Krishnan, B T."]
[Black "Sridhar, J."]
[Result "1-0"]
[WhiteElo "2444"]
[BlackElo "2159"]
[PlyCount "54"]
[EventDate "2009.01.11"]

1. d4 Nf6 2. c4 g6 3. Nc3 Bg7 4. e4 d6 5. f3 O-O 6. Nge2 c5 7. d5 e6 8. Ng3 a6
9. a4 exd5 10. cxd5 Re8 11. Be2 h5 12. Bg5 Qa5 13. O-O Nbd7 14. Qd2 Nh7 15. Bh6
Bf6 16. Bd3 Ne5 17. h3 h4 18. Nh1 Qb4 19. Nf2 Bd7 20. f4 Nc4 21. Bxc4 Qxc4 22.
e5 dxe5 23. Nfe4 Bg7 24. Nd6 Qb4 25. Nxe8 Rxe8 26. fxe5 Bxe5 27. Qf2 Bf5 {
Score sheet not clear} 1-0

[Event "7th Parsvnath International Op"]
[Site "Modern School, Barakhamba Road"]
[Date "2009.01.12"]
[Round "3.48"]
[White "Sriram, Jha"]
[Black "Kathmale, Sameer"]
[Result "1-0"]
[WhiteElo "2442"]
[BlackElo "2110"]
[PlyCount "153"]
[EventDate "2009.01.11"]

1. d4 e6 2. c4 f5 3. Nf3 Nf6 4. g3 Be7 5. Bg2 O-O 6. O-O c6 7. b3 d5 8. Ba3 Bd7
9. Bxe7 Qxe7 10. Nbd2 Be8 11. Ne5 Nbd7 12. Ndf3 Nxe5 13. Nxe5 Rd8 14. Qc2 Nd7
15. Nd3 g5 16. e3 e5 17. dxe5 Nxe5 18. cxd5 Nxd3 19. Qxd3 Bf7 20. Qxf5 Bxd5 21.
Bxd5+ Rxd5 22. Qg4 Rd2 23. h4 h6 24. hxg5 Qxg5 25. Qe6+ Kg7 26. Kg2 Rf7 27.
Rad1 Rxa2 28. Ra1 Rd2 29. Rxa7 h5 30. Qe4 Re7 31. Qb4 Qd5+ 32. Kg1 c5 33. Qc3+
Kh7 34. Ra4 Rg7 35. e4 Qd3 36. Qe5 Qf3 37. Qf5+ Qxf5 38. exf5 Rd3 39. Rc1 b6
40. Rh4 Kh6 41. b4 Rd5 42. bxc5 bxc5 43. Rhc4 Rc7 44. Rf4 Rf7 45. f6 Kg6 46.
Rfc4 Rc7 47. Rf4 Rf7 48. Rfc4 Rc7 49. Ra1 Kxf6 50. Ra6+ Kg7 51. Kg2 Kh7 52. Re6
Kg7 53. Kf3 Rf5+ 54. Ke3 Ra7 55. f4 Rc7 56. Ke4 Rf6 57. Re5 Rd6 58. Kf3 Rdd7
59. Rc3 c4 60. Rxh5 Rc6 61. Re5 Rd4 62. Re4 Rd1 63. Rexc4 Rcd6 64. Rc7+ Kf8 65.
Ra3 Rd7 66. Rxd7 Rxd7 67. f5 Kf7 68. Kf4 Rb7 69. g4 Rb4+ 70. Kg5 Rb7 71. Rh3
Kg8 72. f6 Ra7 73. Kf5 Ra5+ 74. Kg6 Ra6 75. Re3 Kf8 76. Rb3 Ra8 77. Rh3 1-0

[Event "7th Parsvnath International Op"]
[Site "Modern School, Barakhamba Road"]
[Date "2009.01.12"]
[Round "3.49"]
[White "Hemant, Sharma (del)"]
[Black "Girinath, P D S."]
[Result "0-1"]
[WhiteElo "2131"]
[BlackElo "2404"]
[PlyCount "60"]
[EventDate "2009.01.11"]

1. e4 e6 2. d4 c5 3. d5 exd5 4. exd5 d6 5. c4 g6 6. Bd2 Bg7 7. Bc3 Nf6 8. Bd3
O-O 9. Ne2 Re8 10. O-O Nbd7 11. Ng3 Ne5 12. Be2 h5 13. f3 h4 14. Nh1 b5 15.
cxb5 Bb7 16. f4 Ned7 17. Bf3 Nb6 18. Na3 Bxd5 19. Nf2 Bxf3 20. Qxf3 d5 21. Be5
Rc8 22. Rad1 Qd7 23. b3 Qf5 24. Rfe1 Nh5 25. Bxg7 Kxg7 26. Rxe8 Rxe8 27. Nd3 c4
28. bxc4 dxc4 29. Nb2 Qc5+ 30. Kf1 Re3 0-1

[Event "7th Parsvnath International Op"]
[Site "Modern School, Barakhamba Road"]
[Date "2009.01.12"]
[Round "3.50"]
[White "Akshayraj, Kore"]
[Black "Tokhirjanova, Hulkar"]
[Result "1-0"]
[WhiteElo "2403"]
[BlackElo "2150"]
[PlyCount "77"]
[EventDate "2009.01.11"]

1. e4 c5 2. Nf3 a6 3. c3 d5 4. exd5 Qxd5 5. d4 Bg4 6. Be2 Nf6 7. O-O e6 8. h3
Bh5 9. Be3 cxd4 10. cxd4 Nc6 11. Nc3 Qd6 12. g4 Bg6 13. Ne5 Be7 14. f4 Rd8 15.
Qa4 O-O 16. Rad1 Nb4 17. Nxg6 hxg6 18. Qb3 Nbd5 19. Bc1 b5 20. Kh1 Rc8 21. Nxd5
Nxd5 22. f5 Bd8 23. Rf2 gxf5 24. gxf5 exf5 25. Rxf5 Bc7 26. Rf2 Bb8 27. Rg2
Rfe8 28. a4 bxa4 29. Qxa4 Qe6 30. Bg4 f5 31. Bh5 Re7 32. Bg5 Nf6 33. d5 Qd6 34.
Bxf6 Qxf6 35. d6 Bxd6 36. Rg6 Qxb2 37. Rgxd6 Qb7+ 38. Kg1 Re2 39. Rd8+ 1-0

[Event "7th Parsvnath International Open Chess T"]
[Site "New Delhi India"]
[Date "2009.01.13"]
[Round "4"]
[White "S P, Sethuraman"]
[Black "Yuriy, Kuzubov"]
[Result "1/2-1/2"]
[WhiteElo "2415"]
[BlackElo "2626"]
[PlyCount "30"]
[EventDate "2009.01.11"]
[Source "MonRoi"]

1. e4 c5 2. Nf3 Nc6 3. d4 cxd4 4. Nxd4 g6 5. c4 Nf6 6. Nc3 Nxd4 7. Qxd4 d6 8.
Be3 Bg7 9. f3 O-O 10. Qd2 Be6 11. Rc1 a6 12. Be2 Qa5 13. b3 Rfc8 14. Na4 Qxd2+
15. Kxd2 Nd7 1/2-1/2

[Event "7th Parsvnath International Open Chess T"]
[Site "New Delhi India"]
[Date "2009.01.13"]
[Round "4"]
[White "Surya Shekhar, Ganguly"]
[Black "Arghyadip, Das"]
[Result "1/2-1/2"]
[WhiteElo "2614"]
[BlackElo "2404"]
[PlyCount "175"]
[EventDate "2009.01.11"]
[Source "MonRoi"]

1. e4 e5 2. Nf3 Nc6 3. Bb5 a6 4. Ba4 Nf6 5. O-O Nxe4 6. d4 b5 7. Bb3 d5 8. dxe5
Be6 9. Nbd2 Be7 10. c3 Nc5 11. Bc2 d4 12. Nb3 d3 13. Nxc5 dxc2 14. Qxd8+ Rxd8
15. Nxe6 fxe6 16. Be3 Rd5 17. Rfc1 Nxe5 18. Nxe5 Rxe5 19. Bd4 Re2 20. Kf1 Rd2
21. Be3 Rd7 22. Rxc2 Bf6 23. c4 b4 24. Ke2 Kf7 25. Rd1 Rhd8 26. Rxd7+ Rxd7 27.
b3 Bd4 28. Rd2 e5 29. f4 Ke6 30. Kf3 g6 31. fxe5 Bxe5 32. Rxd7 Kxd7 33. h3 Ke6
34. Ke4 Bc3 35. Bf4 c6 36. Be3 Kd6 37. Bh6 Ke6 38. Bf8 Kf7 39. Bc5 Ke6 40. Bb6
Bf6 41. Bc5 Bc3 42. g4 Be1 43. Bf8 Kf7 44. Bd6 Ke6 45. Bc5 Kf6 46. Bb6 Ke6 47.
Ba5 c5 48. a3 Bh4 49. axb4 Be1 50. Bc7 Bxb4 51. Bf4 Ba3 52. Be3 Bb4 53. Kf4 Kf6
54. Bc1 a5 55. Be3 Ba3 56. Ke4 Ke6 57. Bf4 Bb4 58. Bc7 Be1 59. Bd8 Bd2 60. Kd3
Be1 61. Bb6 Bb4 62. Ke4 Kd6 63. h4 Ke6 64. h5 Kd6 65. Bd8 Ke6 66. Bh4 Ba3 67.
Bf2 Bb4 68. Be3 Ba3 69. Kf4 Kf6 70. Bf2 Bb4 71. Bh4+ Ke6 72. Bf2 Kf6 73. hxg6
hxg6 74. Bh4+ Ke6 75. Kg5 Kf7 76. Kh6 Bd2+ 77. Kh7 Bf4 78. Bd8 Bd2 79. g5 Bf4
80. Kh6 Bd6 81. Bxa5 Bf8+ 82. Kh7 Be7 83. Kh6 Bf8+ 84. Kh7 Be7 85. Bb6 Bf8 86.
Bd8 Bd6 87. Bf6 Bf8 88. Bc3 1/2-1/2

[Event "7th Parsvnath International Open Chess T"]
[Site "New Delhi India"]
[Date "2009.01.13"]
[Round "4"]
[White "Olzhas, Khamzin"]
[Black "Parimarjan, Negi"]
[Result "0-1"]
[WhiteElo "2401"]
[BlackElo "2600"]
[PlyCount "60"]
[EventDate "2009.01.11"]
[Source "MonRoi"]

1. d4 Nf6 2. c4 g6 3. Nf3 Bg7 4. g3 d5 5. Bg2 dxc4 6. Na3 Na6 7. O-O O-O 8.
Nxc4 c5 9. dxc5 Be6 10. Nfe5 Nxc5 11. Be3 Rc8 12. Rc1 Nd5 13. Bd4 Nb4 14. e3
Nxa2 15. Ra1 Nb4 16. Rxa7 f6 17. Nb6 Qxb6 18. Rxb7 Qa5 19. Rxe7 Bb3 20. Qg4
fxe5 21. Rxg7+ Kxg7 22. Bxe5+ Kg8 23. Bc3 Ncd3 24. Be4 Qh5 25. Qd7 Rxc3 26.
bxc3 Ne5 27. Qb7 Bc4 28. cxb4 Bxf1 29. Bd5+ Kh8 30. Qe7 Qf5 0-1

[Event "7th Parsvnath International Open Chess T"]
[Site "New Delhi India"]
[Date "2009.01.13"]
[Round "4"]
[White "Abhijit, Kunte"]
[Black "Boris N, Katalymov"]
[Result "0-1"]
[WhiteElo "2527"]
[BlackElo "2367"]
[PlyCount "104"]
[EventDate "2009.01.11"]
[Source "MonRoi"]

1. d4 c5 2. d5 e6 3. c4 exd5 4. cxd5 d6 5. Nc3 g6 6. Nf3 Nh6 7. Bf4 f6 8. e4
Nf7 9. Nd2 Nd7 10. Be2 Bg7 11. O-O O-O 12. Nc4 Qe7 13. Re1 Nde5 14. Bg3 Nxc4
15. Bxc4 Ne5 16. Bf1 g5 17. Qd2 h5 18. f4 gxf4 19. Bxf4 Bd7 20. Kh1 a6 21. a4
h4 22. h3 Rac8 23. a5 c4 24. Bh6 Rf7 25. Nd1 f5 26. Bxg7 Rxg7 27. exf5 Bxf5 28.
Rc1 Qg5 29. Qxg5 Rxg5 30. Ne3 Bd3 31. Ng4 Nxg4 32. hxg4 Bxf1 33. Rxf1 Rxd5 34.
Rfd1 Rxd1+ 35. Rxd1 Rd8 36. Kh2 d5 37. Kh3 d4 38. Kxh4 d3 39. Kg3 Rd5 40. Rc1
Kf7 41. Kf3 Rd4 42. Re1 Kf6 43. g3 Rd5 44. Rc1 Ke5 45. Ke3 Rd4 46. g5 Re4+ 47.
Kf3 Kd4 48. g6 Re6 49. g7 Rf6+ 50. Kg2 Rg6 51. Rf1 Rxg7 52. Rf4+ Ke3 0-1

[Event "7th Parsvnath International Open Chess T"]
[Site "New Delhi India"]
[Date "2009.01.13"]
[Round "4"]
[White "Sunil Mokal, Prathamesh"]
[Black "Anuar, Ismagambetov"]
[Result "1-0"]
[WhiteElo "2389"]
[BlackElo "2523"]
[PlyCount "81"]
[EventDate "2009.01.11"]
[Source "MonRoi"]

1. e4 e5 2. Nf3 Nc6 3. Bb5 a6 4. Ba4 Nf6 5. O-O Be7 6. Re1 b5 7. Bb3 d6 8. c3
O-O 9. h3 Na5 10. Bc2 c5 11. d4 Qc7 12. Nbd2 cxd4 13. cxd4 Rd8 14. b3 Nc6 15.
Bb2 Bb7 16. Rc1 Qb6 17. a3 exd4 18. b4 Nd7 19. Nb3 Nde5 20. Nfxd4 Bg5 21. Nxc6
Bxc1 22. Bxe5 Qxc6 23. Bxg7 Kxg7 24. Qd4+ Kg8 25. Rxc1 Rac8 26. Bd3 Qe8 27.
Rxc8 Rxc8 28. Qxd6 Bxe4 29. Nc5 Bxd3 30. Nxd3 Qe6 31. Qf4 Re8 32. Qh4 Qd6 33.
Nf4 Kh8 34. Kh2 Rc8 35. Qg4 Rc2 36. Qf3 Qc6 37. Qe3 Rc4 38. Qe5+ f6 39. Qe7 h5
40. Qf8+ Kh7 41. Qf7+ 1-0

[Event "7th Parsvnath International Open Chess T"]
[Site "New Delhi India"]
[Date "2009.01.13"]
[Round "4"]
[White "Saidali, Iuldachev"]
[Black "Kumar C, Praveen"]
[Result "0-1"]
[WhiteElo "2520"]
[BlackElo "2360"]
[PlyCount "92"]
[EventDate "2009.01.11"]
[Source "MonRoi"]

1. e4 e6 2. d4 d5 3. e5 c5 4. c3 Nc6 5. Nf3 Bd7 6. Bd3 Rc8 7. a3 Qb6 8. dxc5
Bxc5 9. O-O f6 10. b4 Be7 11. Be3 Qc7 12. Bf4 fxe5 13. Bg3 Nf6 14. b5 Na5 15.
Nxe5 Bd6 16. Re1 O-O 17. Nd2 Be8 18. Ndf3 Bh5 19. Rc1 Qb6 20. a4 Bc5 21. Qc2 h6
22. Nh4 Ba3 23. Rb1 Bd6 24. Nhg6 Rfe8 25. Bh4 Qc7 26. b6 axb6 27. Bb5 Nc6 28.
f4 Nd4 29. Qd3 Nxb5 30. Qxb5 Ne4 31. Rxe4 dxe4 32. Bf2 Bxg6 33. Nxg6 Qf7 34.
Ne5 Qxf4 35. Bd4 Bxe5 36. Qxe5 Qxe5 37. Bxe5 Rc5 38. Bd4 Rc6 39. Rb5 e5 40.
Bxb6 Rxc3 41. Kf2 Ra3 42. a5 Rc8 43. Bc5 Rc3 44. Bd6 e3+ 45. Ke1 Rd3 46. Bxe5
Rd2 0-1

[Event "7th Parsvnath International Open Chess T"]
[Site "New Delhi India"]
[Date "2009.01.13"]
[Round "4"]
[White "Saha, Suvrajit"]
[Black "Shukhrat, Safin"]
[Result "0-1"]
[WhiteElo "2368"]
[BlackElo "2518"]
[PlyCount "95"]
[EventDate "2009.01.11"]
[Source "MonRoi"]

1. d4 Nf6 2. c4 e6 3. Nf3 d5 4. Nc3 Bb4 5. e3 O-O 6. a3 Bd6 7. c5 Be7 8. Bd3 b6
9. b4 c6 10. O-O Ba6 11. Bxa6 Nxa6 12. Ne5 Nb8 13. Qd3 Qc7 14. f4 Nbd7 15. Bd2
Rfd8 16. Nf3 Rdb8 17. e4 dxe4 18. Nxe4 Nxe4 19. Qxe4 Nf6 20. Qe2 Rd8 21. Rfe1
Bf8 22. Qc4 Rd5 23. Re5 Rad8 24. Rae1 g6 25. Qc1 Bg7 26. Rxd5 Rxd5 27. Re5 Rd8
28. cxb6 axb6 29. Re2 b5 30. Be3 Nd5 31. Rc2 Qa7 32. Rxc6 Bf8 33. f5 exf5 34.
Bg5 Re8 35. Rc8 Rxc8 36. Qxc8 Qxa3 37. Qd8 Qa1+ 38. Kf2 Qa2+ 39. Kg3 Qc4 40.
Kh3 Qc6 41. Ne5 Qd6 42. Nd7 Kg7 43. Qe8 Be7 44. Bd2 f4 45. Ne5 Qf6 46. g3 f3
47. Qxb5 h5 48. Qd3 0-1

[Event "7th Parsvnath International Open Chess T"]
[Site "New Delhi India"]
[Date "2009.01.13"]
[Round "4"]
[White "Mikhail, Ulibin"]
[Black "Karthik R, Arun"]
[Result "1-0"]
[WhiteElo "2511"]
[BlackElo "2348"]
[PlyCount "55"]
[EventDate "2009.01.11"]
[Source "MonRoi"]

1. e4 d6 2. d4 g6 3. Nc3 Bg7 4. Bg5 Nf6 5. f4 O-O 6. Qd2 c6 7. Nf3 b5 8. Bd3
Bg4 9. O-O Qb6 10. Ne2 Nbd7 11. Kh1 c5 12. c3 cxd4 13. cxd4 d5 14. Bxf6 Nxf6
15. e5 Ne4 16. Qb4 Rac8 17. Qxe7 Rfe8 18. Qh4 Bf5 19. Rad1 h5 20. h3 Bf8 21. g4
Be7 22. Ng5 Nxg5 23. gxf5 Ne4 24. f6 Bf8 25. f5 g5 26. Rg1 Bg7 27. Rxg5 Nxf6
28. Rdg1 1-0

[Event "7th Parsvnath International Open Chess T"]
[Site "New Delhi India"]
[Date "2009.01.13"]
[Round "4"]
[White "R, Ashwath"]
[Black "Petr, Kostenko"]
[Result "0-1"]
[WhiteElo "2312"]
[BlackElo "2501"]
[PlyCount "106"]
[EventDate "2009.01.11"]
[Source "MonRoi"]

1. d4 Nf6 2. c4 e6 3. Nf3 c5 4. d5 exd5 5. cxd5 d6 6. e4 g6 7. Nfd2 Bg7 8. Bd3
O-O 9. O-O Na6 10. Nc3 Rb8 11. Bxa6 bxa6 12. Nc4 Rb4 13. Qd3 a5 14. a3 Rb8 15.
a4 Re8 16. Bf4 Ba6 17. f3 Nh5 18. Be3 Bxc4 19. Qxc4 Rxb2 20. Rab1 Rb4 21. Qd3
Qd7 22. Nb5 a6 23. Na3 Qxa4 24. Nc2 Rc4 25. Rfc1 f5 26. exf5 Rxc2 27. Rxc2 Rxe3
28. Rb8+ Re8 29. Rxe8+ Qxe8 30. Re2 Bd4+ 31. Kf1 Qc8 32. Qe4 gxf5 33. Qe7 Qf8
34. Qd7 Ng7 35. Re1 Qb8 36. Qc6 Qb5+ 37. Re2 Be5 38. Qc8+ Kf7 39. Kf2 Bd4+ 40.
Kf1 Qb1+ 41. Re1 Qd3+ 42. Re2 Be5 43. Qc7+ Kg6 44. Qxa5 Qxd5 45. Qxa6 Bxh2 46.
Qa4 Be5 47. Qc2 Kh5 48. Rd2 Bd4 49. Qd3 Kg5 50. g4 fxg4 51. Rg2 g3 52. Qd2+ Kh4
53. Qe2 Qf5 0-1

[Event "7th Parsvnath International Open Chess T"]
[Site "New Delhi India"]
[Date "2009.01.13"]
[Round "4"]
[White "Atanu, Lahiri"]
[Black "Dibyendu, Barua"]
[Result "1/2-1/2"]
[WhiteElo "2310"]
[BlackElo "2490"]
[PlyCount "67"]
[EventDate "2009.01.11"]
[Source "MonRoi"]

1. d4 d5 2. c4 e6 3. Nc3 Nf6 4. cxd5 exd5 5. Bg5 c6 6. e3 Be7 7. Bd3 Nbd7 8.
Qc2 Nf8 9. Nge2 g6 10. O-O Ne6 11. Bh4 Ng7 12. Ng3 O-O 13. h3 Nfh5 14. Bxe7
Qxe7 15. Nxh5 Nxh5 16. Qe2 f5 17. Qf3 Nf6 18. Rfc1 Ne4 19. Rc2 Be6 20. Bf1 Nd6
21. Na4 Rae8 22. Nc5 Bc8 23. Nd3 g5 24. Ne5 f4 25. Bd3 fxe3 26. Qxe3 Qg7 27.
Re1 Re7 28. Rce2 Rfe8 29. Qf3 Rf8 30. Qh5 Bf5 31. Bxf5 Nxf5 32. Nf3 Rxe2 33.
Rxe2 Nxd4 34. Nxd4 1/2-1/2

[Event "7th Parsvnath International Open Chess T"]
[Site "New Delhi India"]
[Date "2009.01.13"]
[Round "4"]
[White "Das, Neelotpal"]
[Black "G B, Joshi"]
[Result "1/2-1/2"]
[WhiteElo "2490"]
[BlackElo "2273"]
[PlyCount "43"]
[EventDate "2009.01.11"]
[Source "MonRoi"]

1. e4 e5 2. Nf3 Nc6 3. Bb5 a6 4. Ba4 Nf6 5. d3 b5 6. Bb3 Be7 7. a4 b4 8. Nbd2
d6 9. a5 O-O 10. O-O Be6 11. Bc4 Qc8 12. Re1 Rb8 13. Nf1 Nd4 14. Nxd4 exd4 15.
Ng3 Re8 16. Bd2 Bf8 17. Bxe6 Qxe6 18. Ne2 c5 19. c3 dxc3 20. bxc3 d5 21. e5 Nd7
22. cxb4 1/2-1/2

[Event "7th Parsvnath International Open Chess T"]
[Site "New Delhi India"]
[Date "2009.01.13"]
[Round "4"]
[White "Vinay Kumar, Matta"]
[Black "Babu M R, Lalith"]
[Result "1/2-1/2"]
[WhiteElo "2246"]
[BlackElo "2477"]
[PlyCount "118"]
[EventDate "2009.01.11"]
[Source "MonRoi"]

1. e4 c6 2. d4 d5 3. Nc3 dxe4 4. Nxe4 Bf5 5. Ng3 Bg6 6. h4 h6 7. Nf3 Nd7 8. h5
Bh7 9. Bd3 Bxd3 10. Qxd3 e6 11. Bd2 Ngf6 12. O-O-O Qc7 13. Ne4 O-O-O 14. g3
Nxe4 15. Qxe4 Nf6 16. Qe2 Bd6 17. c4 c5 18. Bc3 cxd4 19. Nxd4 a6 20. Nf3 Rhg8
21. Ne5 Bxe5 22. Bxe5 Qc6 23. Bxf6 gxf6 24. Rxd8+ Rxd8 25. Rd1 Rxd1+ 26. Kxd1
Qh1+ 27. Kc2 f5 28. Kc3 f4 29. g4 Qg2 30. Kd3 Qh1 31. a3 Kd7 32. Kc2 Kc8 33. f3
Qh4 34. Qe4 Qf6 35. c5 e5 36. Qd5 Kb8 37. Kd3 Qe7 38. Ke4 f6 39. Kf5 Kc7 40.
Kg6 e4 41. fxe4 Qd7 42. Kxh6 f3 43. Qxd7+ Kxd7 44. Kg7 f2 45. h6 f1=Q 46. h7
Qf4 47. h8=Q Qxg4+ 48. Kxf6 Qf4+ 49. Kg6 Qxe4+ 50. Kg5 Kc6 51. Qc8+ Kb5 52.
Qd7+ Kxc5 53. Qc7+ Kb5 54. Qd7+ Kc4 55. Qa4+ Kd3 56. Qd1+ Ke3 57. Qe1+ Kd4 58.
Qc3+ Kd5 59. Qb3+ Kc5 1/2-1/2

[Event "7th Parsvnath International Open Chess T"]
[Site "New Delhi India"]
[Date "2009.01.13"]
[Round "4"]
[White "Utkal Ranjan, Sahoo"]
[Black "Santosh Gujrathi, Vidit"]
[Result "0-1"]
[WhiteElo "2222"]
[BlackElo "2447"]
[PlyCount "104"]
[EventDate "2009.01.11"]
[Source "MonRoi"]

1. e4 c5 2. Nf3 d6 3. d4 cxd4 4. Nxd4 Nf6 5. Nc3 Nc6 6. Bg5 e6 7. Qd2 Be7 8.
O-O-O Nxd4 9. Qxd4 a6 10. f4 b5 11. Be2 Bb7 12. Bf3 O-O 13. Rhe1 Rc8 14. Kb1
Qc7 15. Re2 b4 16. Na4 Bc6 17. Nb6 Rb8 18. Nc4 Bb5 19. b3 h6 20. Bxf6 Bxf6 21.
Qd3 Rbc8 22. Re3 Rfd8 23. Qf1 Qc5 24. Red3 Bxc4 25. bxc4 Qxc4 26. Qe2 Qc5 27.
g4 g5 28. e5 dxe5 29. Rxd8+ Rxd8 30. Rxd8+ Bxd8 31. Qxe5 Qxe5 32. fxe5 Bc7 33.
Kb2 Bxe5+ 34. Kb3 a5 35. h3 Kg7 36. Kc4 Kf6 37. Kd3 Bc3 38. Ke4 Kg6 39. Ke3 f5
40. Bc6 Kf6 41. Kf3 Ke5 42. Bd7 Bd4 43. Bc8 Bb6 44. Bd7 f4 45. Bc8 Kd5 46. Bb7+
Kd4 47. Be4 Kc3 48. Ke2 Kb2 49. Kd3 Kxa2 50. Kc4 Kb2 51. Kb5 Bd8 52. Kc4 a4 0-1

[Event "7th Parsvnath International Open Chess T"]
[Site "New Delhi India"]
[Date "2009.01.13"]
[Round "4"]
[White "Magesh Chandran, Panchanathan"]
[Black "Shah, Fenil"]
[Result "1-0"]
[WhiteElo "2490"]
[BlackElo "2213"]
[PlyCount "103"]
[EventDate "2009.01.11"]
[Source "MonRoi"]

1. e4 c5 2. Nf3 e6 3. d4 cxd4 4. Nxd4 a6 5. Nc3 Qc7 6. Be3 Nc6 7. Be2 Nf6 8.
O-O Bb4 9. Na4 Be7 10. Nxc6 bxc6 11. Nb6 Rb8 12. Nxc8 Qxc8 13. Bd4 Qc7 14. e5
Nd5 15. b3 c5 16. Bb2 a5 17. Bc4 Nb6 18. Qg4 Nxc4 19. Qxc4 O-O 20. Bc3 d6 21.
exd6 Bxd6 22. f4 Rfe8 23. Rae1 Ra8 24. a4 Qc6 25. Rd1 Bf8 26. Rd3 Qa6 27. Rfd1
Qxc4 28. bxc4 g6 29. Rb1 Reb8 30. Rb5 Be7 31. Be5 Rc8 32. Rd7 Kf8 33. Rbb7 Re8
34. Rxe7 Rxe7 35. Bd6 Rae8 36. Bxc5 f6 37. Kf2 Kf7 38. Bxe7 Rxe7 39. Rxe7+ Kxe7
40. c5 Kd7 41. Ke3 e5 42. fxe5 fxe5 43. Kd3 Kc6 44. Kc4 e4 45. Kd4 e3 46. Kxe3
Kxc5 47. Kd3 Kb4 48. c4 Kxa4 49. Kc3 h6 50. g4 h5 51. gxh5 gxh5 52. h4 1-0

[Event "7th Parsvnath International Open Chess T"]
[Site "New Delhi India"]
[Date "2009.01.13"]
[Round "4"]
[White "Arkadi Eremeevich, Vul"]
[Black "Evgeny, Gleizerov"]
[Result "0-1"]
[WhiteElo "2344"]
[BlackElo "2544"]
[PlyCount "86"]
[EventDate "2009.01.11"]
[Source "MonRoi"]

1. Nf3 e6 2. d4 f5 3. g3 Nf6 4. Bg2 d5 5. O-O Bd6 6. c4 c6 7. b3 Qe7 8. Bb2 O-O
9. Qc1 b5 10. Nbd2 bxc4 11. bxc4 Ba6 12. Ne5 Rc8 13. Nb3 Nbd7 14. Nxd7 Nxd7 15.
c5 Bc7 16. Qc2 Rab8 17. Bc3 Rb7 18. Rfb1 Rcb8 19. e3 Nf6 20. Na5 Bxa5 21. Bxa5
g5 22. Bc3 g4 23. Rb3 Bc4 24. Rbb1 h5 25. a3 h4 26. Rb4 h3 27. Rxc4 hxg2 28.
Rb4 Rxb4 29. axb4 Ne4 30. Kxg2 Qh7 31. f4 gxf3+ 32. Kxf3 f4 33. Kg2 f3+ 34. Kg1
Rf8 35. Be1 f2+ 36. Bxf2 Rxf2 37. Qxf2 Nxf2 38. Kxf2 Qxh2+ 39. Kf3 Qh5+ 40. Kf2
Qf7+ 41. Ke2 Qb7 42. Kf3 Kg7 43. Ke2 Kg6 0-1

[Event "7th Parsvnath International Open Chess T"]
[Site "New Delhi India"]
[Date "2009.01.13"]
[Round "4"]
[White "M R, Venkatesh"]
[Black "D P, Singh"]
[Result "1-0"]
[WhiteElo "2470"]
[BlackElo "2312"]
[PlyCount "85"]
[EventDate "2009.01.11"]
[Source "MonRoi"]

1. e4 e5 2. Nf3 Nc6 3. Bb5 a6 4. Ba4 Nf6 5. Qe2 d6 6. c3 Be7 7. d3 O-O 8. Nbd2
Bd7 9. Bc2 Nh5 10. Nf1 g6 11. h3 Bf6 12. g4 Nf4 13. Bxf4 exf4 14. d4 Bg7 15.
Qd2 d5 16. Qxf4 dxe4 17. Bxe4 f5 18. Bd5+ Kh8 19. g5 Ne7 20. Bb3 Bc6 21. O-O-O
Nd5 22. Qd2 b5 23. N1h2 a5 24. Ne5 Bb7 25. Rhe1 a4 26. Bc2 a3 27. b3 c5 28. c4
Nb4 29. Bb1 Qc7 30. f4 bxc4 31. bxc4 Rad8 32. d5 Qb6 33. Qc3 Rb8 34. Nhf3 Qa5
35. Re3 Ba6 36. Nd2 Qc7 37. Nb3 Rbd8 38. h4 Bb7 39. h5 gxh5 40. Rh1 Bxd5 41.
Rxh5 Bxe5 42. Rxe5 Kg8 43. cxd5 1-0